[Event "Королевский Гамбит. Южный Федеральный округ."]
[Date "2025-11-21"]
[Round "3.5"]
[Board "5"]
[White "Мещерин Егор"]
[WhiteElo "990"]
[Black "Лосев Платон"]
[BlackElo "990"]
[WebSite "https://www.chessopen.ru"]
[GameId "ea0f5318-949b-45a2-8874-40ee4e4a955a"]
[Result "1-0"]

1. d4 { [%clk 0:09:58] } d5 { [%clk 0:09:58] } 2. Bf4 { [%clk 0:09:57] } e6 {
[%clk 0:09:52] } 3. Nf3 { [%clk 0:09:57] } Nf6 { [%clk 0:09:44] } 4. c3 { [%clk
0:09:58] } h6 { [%clk 0:09:34] } 5. e3 { [%clk 0:09:52] } Bd6 { [%clk 0:09:21]
} 6. Bg3 { [%clk 0:09:52] } g5 { [%clk 0:09:08] } 7. Bd3 { [%clk 0:09:52] } g4
{ [%clk 0:08:56] } 8. Ne5 { [%clk 0:09:45] } Nc6 { [%clk 0:08:30] } 9. Nxg4 {
[%clk 0:09:45] } Bxg3 { [%clk 0:08:07] } 10. hxg3 { [%clk 0:09:43] } Nxg4 {
[%clk 0:08:02] } 11. Qxg4 { [%clk 0:09:40] } Qg5 { [%clk 0:07:36] } 12. Qxg5 {
[%clk 0:09:39] } hxg5 { [%clk 0:07:15] } 13. Rxh8+ { [%clk 0:09:38] } Ke7 {
[%clk 0:07:01] } 14. Nd2 { [%clk 0:09:30] } f5 { [%clk 0:06:50] } 15. O-O-O {
[%clk 0:09:28] } a6 { [%clk 0:06:23] } 16. Rdh1 { [%clk 0:09:28] } b5 { [%clk
0:06:00] } 17. R1h7+ { [%clk 0:09:17] } Kd6 { [%clk 0:05:55] } 18. Nb3 { [%clk
0:09:06] } Bb7 { [%clk 0:05:44] } 19. Rxa8 { [%clk 0:09:01] } Bxa8 { [%clk
0:05:41] } 20. Rh8 { [%clk 0:09:01] } Bb7 { [%clk 0:05:31] } 21. Nd2 { [%clk
0:08:45] } e5 { [%clk 0:05:16] } 22. dxe5+ { [%clk 0:08:38] } Nxe5 { [%clk
0:05:06] } 23. Bxf5 { [%clk 0:08:34] } g4 { [%clk 0:04:49] } 24. Rd8+ { [%clk
0:08:31] } Ke7 { [%clk 0:04:45] } 25. Rb8 { [%clk 0:08:26] } Bc6 { [%clk
0:04:15] } 26. f4 { [%clk 0:08:10] } Nd3+ { [%clk 0:04:07] } 27. Bxd3 { [%clk
0:08:09] } b4 { [%clk 0:03:37] } 28. cxb4 { [%clk 0:08:06] } Bb5 { [%clk
0:03:31] } 29. Bxb5 { [%clk 0:08:06] } axb5 { [%clk 0:03:31] } 30. Rxb5 { [%clk
0:08:07] } c6 { [%clk 0:03:25] } 31. Rb7+ { [%clk 0:08:06] } Kd6 { [%clk
0:03:24] } 32. e4 { [%clk 0:08:05] } dxe4 { [%clk 0:03:22] } 33. Nxe4+ { [%clk
0:08:06] } Kd5 { [%clk 0:03:12] } 34. Nf6+ { [%clk 0:08:06] } Kd4 { [%clk
0:03:07] } 35. Nxg4 { [%clk 0:08:07] } c5 { [%clk 0:03:06] } 36. bxc5 { [%clk
0:08:08] } Kxc5 { [%clk 0:02:52] } 37. a4 { [%clk 0:08:09] } Kd4 { [%clk
0:02:45] } 38. a5 { [%clk 0:08:09] } Ke4 { [%clk 0:02:38] } 39. a6 { [%clk
0:08:09] } Kd3 { [%clk 0:02:38] } 40. a7 { [%clk 0:08:03] } Ke2 { [%clk
0:02:35] } 41. a8=Q { [%clk 0:08:01] } Kf1 { [%clk 0:02:31] } 42. Qe8 { [%clk
0:07:58] } Kg1 { [%clk 0:02:27] } 43. Qe3+ { [%clk 0:07:57] } Kh1 { [%clk
0:02:27] } 44. Rh7+ { [%clk 0:07:56] } Kxg2 { [%clk 0:02:25] } 45. Qf2# { [%clk
0:07:56] } 1-0

[Event "Королевский Гамбит. Южный Федеральный округ."]
[Date "2025-11-21"]
[Round "3.6"]
[Board "6"]
[White "Алёхин Кирилл"]
[WhiteElo "1020"]
[Black "Пилипчук Юля"]
[BlackElo "1000"]
[WebSite "https://www.chessopen.ru"]
[GameId "38a848ec-8aff-42f5-a8de-45e56abc1b57"]
[Result "1-0"]

1. e4 { [%clk 0:10:01] } e5 { [%clk 0:09:59] } 2. Nf3 { [%clk 0:10:03] } Nc6 {
[%clk 0:10:00] } 3. Nc3 { [%clk 0:10:01] } Nf6 { [%clk 0:10:01] } 4. Bb5 {
[%clk 0:10:02] } Nd4 { [%clk 0:10:01] } 5. Nxd4 { [%clk 0:09:58] } exd4 { [%clk
0:10:01] } 6. Nd5 { [%clk 0:09:57] } c6 { [%clk 0:10:02] } 7. Nxf6+ { [%clk
0:09:57] } Qxf6 { [%clk 0:09:58] } 8. Bc4 { [%clk 0:09:53] } Bc5 { [%clk
0:09:56] } 9. O-O { [%clk 0:09:42] } O-O { [%clk 0:09:54] } 10. h3 { [%clk
0:09:38] } d6 { [%clk 0:09:51] } 11. d3 { [%clk 0:09:38] } Qg6 { [%clk 0:09:51]
} 12. Bf4 { [%clk 0:09:01] } Bxh3 { [%clk 0:09:49] } 13. Qf3 { [%clk 0:08:55] }
Bg4 { [%clk 0:09:41] } 14. Qg3 { [%clk 0:08:51] } Qh5 { [%clk 0:09:28] } 15. f3
{ [%clk 0:08:13] } Bd7 { [%clk 0:09:08] } 16. e5 { [%clk 0:07:47] } dxe5 {
[%clk 0:09:06] } 17. Bxe5 { [%clk 0:07:42] } g6 { [%clk 0:08:51] } 18. Qf4 {
[%clk 0:07:14] } Be7 { [%clk 0:08:45] } 19. Rfe1 { [%clk 0:06:39] } Bg5 { [%clk
0:08:38] } 20. Qxd4 { [%clk 0:06:02] } Bh6 { [%clk 0:08:25] } 21. Qxd7 { [%clk
0:05:47] } b5 { [%clk 0:07:23] } 22. Bd6 { [%clk 0:05:43] } Rfd8 { [%clk
0:07:12] } 23. Qxf7+ { [%clk 0:05:38] } Kh8 { [%clk 0:07:07] } 24. Be5+ { [%clk
0:05:38] } Bg7 { [%clk 0:07:04] } 25. Qxg7# { [%clk 0:05:34] } 1-0

[Event "Королевский Гамбит. Южный Федеральный округ."]
[Date "2025-11-21"]
[Round "3.6"]
[Board "6"]
[White "Желтобрюхов ярослав"]
[WhiteElo "1000"]
[Black "Муцольгов Мухаммад"]
[BlackElo "973"]
[WebSite "https://www.chessopen.ru"]
[GameId "3e9d25bd-af90-44a4-996b-b06d958ae6bd"]
[Result "0-1"]

1. e3 { [%clk 0:09:50] } e5 { [%clk 0:09:59] } 2. Qf3 { [%clk 0:09:47] } Nf6 {
[%clk 0:09:49] } 3. Nc3 { [%clk 0:09:41] } d5 { [%clk 0:09:48] } 4. e4 { [%clk
0:09:36] } Bb4 { [%clk 0:09:36] } 5. Nge2 { [%clk 0:09:27] } Nc6 { [%clk
0:09:29] } 6. exd5 { [%clk 0:09:18] } Nd4 { [%clk 0:09:01] } 7. Nxd4 { [%clk
0:09:17] } exd4 { [%clk 0:09:01] } 8. Bb5+ { [%clk 0:09:12] } c6 { [%clk
0:08:59] } 9. dxc6 { [%clk 0:09:12] } O-O { [%clk 0:08:49] } 10. O-O { [%clk
0:09:07] } Bg4 { [%clk 0:08:48] } 11. Qf4 { [%clk 0:08:55] } g5 { [%clk
0:08:14] } 12. Qxg5+ { [%clk 0:08:10] } Kh8 { [%clk 0:08:10] } 13. cxb7 { [%clk
0:08:00] } Rb8 { [%clk 0:08:09] } 14. f3 { [%clk 0:07:33] } Be6 { [%clk
0:07:15] } 15. Bd3 { [%clk 0:07:16] } Rg8 { [%clk 0:07:04] } 16. Qh4 { [%clk
0:06:27] } h5 { [%clk 0:06:38] } 17. g4 { [%clk 0:06:19] } Bxg4 { [%clk
0:06:36] } 18. fxg4 { [%clk 0:06:20] } Rxg4+ { [%clk 0:06:27] } 19. Qxg4 {
[%clk 0:05:59] } Nxg4 { [%clk 0:06:27] } 20. Rxf7 { [%clk 0:05:56] } Qd6 {
[%clk 0:06:08] } 21. Kf1 { [%clk 0:05:45] } Re8 { [%clk 0:05:59] } 22. Bg6 {
[%clk 0:05:26] } Qxg6 { [%clk 0:05:39] } 23. Rf4 { [%clk 0:05:04] } Nxh2+ {
[%clk 0:05:37] } 24. Kf2 { [%clk 0:05:01] } Rb8 { [%clk 0:05:23] } 25. d3 {
[%clk 0:04:56] } Rxb7 { [%clk 0:05:23] } 26. Nd5 { [%clk 0:04:45] } Bd6 { [%clk
0:05:18] } 27. Rxd4 { [%clk 0:04:33] } Rf7+ { [%clk 0:05:12] } 28. Nf4 { [%clk
0:04:28] } Qg4 { [%clk 0:04:40] } 29. Rxd6 { [%clk 0:04:23] } Qf3+ { [%clk
0:04:31] } 30. Ke1 { [%clk 0:04:18] } Re7+ { [%clk 0:04:27] } 31. Kd2 { [%clk
0:04:13] } Nf1+ { [%clk 0:04:24] } 32. Kc3 { [%clk 0:04:13] } Rd7 { [%clk
0:04:15] } 33. Rxd7 { [%clk 0:04:13] } h4 { [%clk 0:04:11] } 34. Ng6+ { [%clk
0:04:04] } Kg8 { [%clk 0:04:03] } 35. Bh6 { [%clk 0:04:03] } Qc6+ { [%clk
0:03:43] } 36. Kb3 { [%clk 0:03:55] } Qxd7 { [%clk 0:03:41] } 37. Rxf1 { [%clk
0:03:56] } h3 { [%clk 0:03:38] } 38. Rf8+ { [%clk 0:03:56] } Kh7 { [%clk
0:03:33] } 39. Ne5 { [%clk 0:03:45] } Qb5+ { [%clk 0:03:01] } 40. Kc3 { [%clk
0:03:36] } Qxe5+ { [%clk 0:03:01] } 41. d4 { [%clk 0:03:29] } Qc7+ { [%clk
0:02:52] } 42. Kd3 { [%clk 0:03:17] } h2 { [%clk 0:02:47] } 43. Bf4 { [%clk
0:03:09] } Qxf4 { [%clk 0:02:40] } 44. Rxf4 { [%clk 0:03:09] } h1=Q { [%clk
0:02:39] } 45. d5 { [%clk 0:02:57] } Qxd5+ { [%clk 0:02:36] } 46. Rd4 { [%clk
0:02:57] } Qf3+ { [%clk 0:02:34] } 47. Kc4 { [%clk 0:02:58] } Qf2 { [%clk
0:02:28] } 48. Rd7+ { [%clk 0:02:57] } Kh6 { [%clk 0:02:27] } 49. Kd5 { [%clk
0:02:56] } Qd2+ { [%clk 0:02:25] } 50. Ke6 { [%clk 0:02:56] } Qxc2 { [%clk
0:02:24] } 51. Rxa7 { [%clk 0:02:57] } Qxb2 { [%clk 0:02:21] } 52. Kf5 { [%clk
0:02:52] } Qf2+ { [%clk 0:02:16] } 53. Kg4 { [%clk 0:02:47] } Qxa7 { [%clk
0:02:17] } 54. Kh4 { [%clk 0:02:47] } Qxa2 { [%clk 0:02:18] } 55. Kg4 { [%clk
0:02:48] } Qf2 { [%clk 0:02:17] } 56. Kh3 { [%clk 0:02:47] } Qf4 { [%clk
0:02:17] } 57. Kg2 { [%clk 0:02:46] } Qe3 { [%clk 0:02:16] } 58. Kh2 { [%clk
0:02:46] } Kg5 { [%clk 0:02:15] } 59. Kh1 { [%clk 0:02:40] } Kg4 { [%clk
0:02:10] } 60. Kh2 { [%clk 0:02:41] } Qg3+ { [%clk 0:02:00] } 61. Kh1 { [%clk
0:02:42] } Qe1+ { [%clk 0:01:51] } 62. Kg2 { [%clk 0:02:42] } Qe2+ { [%clk
0:01:51] } 63. Kg1 { [%clk 0:02:43] } Kg3 { [%clk 0:01:52] } 64. Kh1 { [%clk
0:02:44] } Qg2# { [%clk 0:01:52] } 0-1

[Event "Королевский Гамбит. Южный Федеральный округ."]
[Date "2025-11-21"]
[Round "3.6"]
[Board "6"]
[White "Сорокина София"]
[WhiteElo "1000"]
[Black "Шведов Глеб"]
[BlackElo "1010"]
[WebSite "https://www.chessopen.ru"]
[GameId "f5f75359-3621-4db8-ab92-c2d9d14c371e"]
[Result "0-1"]

1. d4 { [%clk 0:10:00] } d5 { [%clk 0:09:53] } 2. c4 { [%clk 0:10:00] } dxc4 {
[%clk 0:09:54] } 3. Nf3 { [%clk 0:10:00] } e6 { [%clk 0:09:55] } 4. g3 { [%clk
0:10:00] } Nf6 { [%clk 0:09:56] } 5. Qa4+ { [%clk 0:09:53] } Bd7 { [%clk
0:09:48] } 6. Qxc4 { [%clk 0:09:53] } Bd6 { [%clk 0:09:39] } 7. Bg2 { [%clk
0:09:51] } O-O { [%clk 0:09:32] } 8. O-O { [%clk 0:09:49] } Nc6 { [%clk
0:09:25] } 9. Ne5 { [%clk 0:09:43] } Bxe5 { [%clk 0:09:21] } 10. dxe5 { [%clk
0:09:44] } Nxe5 { [%clk 0:09:23] } 11. Qb3 { [%clk 0:09:41] } Bc6 { [%clk
0:09:20] } 12. f3 { [%clk 0:09:15] } Bd5 { [%clk 0:08:12] } 13. Qc2 { [%clk
0:09:09] } c5 { [%clk 0:07:48] } 14. e4 { [%clk 0:08:56] } Bc6 { [%clk 0:06:28]
} 15. Qxc5 { [%clk 0:08:47] } Nd3 { [%clk 0:05:15] } 16. Qe3 { [%clk 0:08:39] }
Nxc1 { [%clk 0:05:17] } 17. Rxc1 { [%clk 0:08:36] } a6 { [%clk 0:05:01] } 18.
Nc3 { [%clk 0:08:32] } Qa5 { [%clk 0:05:00] } 19. Rd1 { [%clk 0:08:23] } Rfd8 {
[%clk 0:04:58] } 20. Rxd8+ { [%clk 0:08:04] } Rxd8 { [%clk 0:05:01] } 21. Ne2 {
[%clk 0:07:53] } Qd2 { [%clk 0:04:40] } 22. Qb6 { [%clk 0:06:59] } Rd7 { [%clk
0:04:37] } 23. Nf4 { [%clk 0:06:33] } g5 { [%clk 0:04:03] } 24. Nh3 { [%clk
0:05:52] } Qc2 { [%clk 0:03:34] } 25. Nxg5 { [%clk 0:05:42] } Rd2 { [%clk
0:03:35] } 26. Bf1 { [%clk 0:05:25] } h6 { [%clk 0:03:00] } 27. Nh3 { [%clk
0:05:06] } Qxb2 { [%clk 0:01:52] } 28. Qxb2 { [%clk 0:04:45] } Rxb2 { [%clk
0:01:54] } 29. Nf2 { [%clk 0:04:35] } Nd7 { [%clk 0:01:33] } 30. Nd3 { [%clk
0:04:19] } Rd2 { [%clk 0:01:29] } 31. Nb4 { [%clk 0:04:08] } Ne5 { [%clk
0:01:15] } 32. Bg2 { [%clk 0:03:59] } Ba4 { [%clk 0:01:05] } 33. f4 { [%clk
0:03:45] } Ng4 { [%clk 0:00:38] } 34. a3 { [%clk 0:02:57] } a5 { [%clk 0:00:33]
} 35. Na2 { [%clk 0:02:57] } Ne3 { [%clk 0:00:34] } 36. Bh3 { [%clk 0:02:48] }
Nc2 { [%clk 0:00:33] } 37. Rc1 { [%clk 0:02:32] } Nxa3 { [%clk 0:00:32] } 38.
Nc3 { [%clk 0:02:27] } Rc2 { [%clk 0:00:23] } 39. Rxc2 { [%clk 0:02:05] } Bxc2
{ [%clk 0:00:26] } 40. Ne2 { [%clk 0:01:58] } Bxe4 { [%clk 0:00:24] } 41. Nc3 {
[%clk 0:01:57] } Bc6 { [%clk 0:00:22] } 42. Kf2 { [%clk 0:01:56] } b5 { [%clk
0:00:24] } 43. Bf1 { [%clk 0:01:50] } b4 { [%clk 0:00:24] } 44. Nd1 { [%clk
0:01:50] } Bb5 { [%clk 0:00:22] } 45. Bxb5 { [%clk 0:01:42] } Nxb5 { [%clk
0:00:25] } 46. Nb2 { [%clk 0:01:44] } Nc3 { [%clk 0:00:20] } 47. Ke3 { [%clk
0:01:36] } a4 { [%clk 0:00:16] } 48. Kd4 { [%clk 0:01:24] } a3 { [%clk 0:00:16]
} 49. Nd3 { [%clk 0:01:10] } a2 { [%clk 0:00:16] } 50. Nxb4 { [%clk 0:01:10] }
a1=Q { [%clk 0:00:17] } 51. Kc5 { [%clk 0:01:09] } Ne4+ { [%clk 0:00:18] } 52.
Kc6 { [%clk 0:01:10] } Qc3+ { [%clk 0:00:20] } 53. Kb5 { [%clk 0:01:10] } Qc5+
{ [%clk 0:00:21] } 54. Ka4 { [%clk 0:01:11] } Nc3+ { [%clk 0:00:23] } 55. Kb3 {
[%clk 0:01:12] } Nd5 { [%clk 0:00:24] } 56. Nxd5 { [%clk 0:01:12] } exd5 {
[%clk 0:00:27] } 57. f5 { [%clk 0:01:13] } Qc4+ { [%clk 0:00:30] } 58. Kb2 {
[%clk 0:01:15] } d4 { [%clk 0:00:32] } 59. g4 { [%clk 0:01:15] } Qc3+ { [%clk
0:00:34] } 60. Kb1 { [%clk 0:01:17] } Qd2 { [%clk 0:00:36] } 61. h4 { [%clk
0:01:13] } d3 { [%clk 0:00:37] } 62. g5 { [%clk 0:01:14] } Qc2+ { [%clk
0:00:38] } 63. Ka1 { [%clk 0:01:14] } d2 { [%clk 0:00:40] } 64. gxh6 { [%clk
0:01:16] } d1=R# { [%clk 0:00:43] } 0-1

[Event "Королевский Гамбит. Южный Федеральный округ."]
[Date "2025-11-21"]
[Round "3.6"]
[Board "6"]
[White "Уманцев Дмитрий"]
[WhiteElo "1019"]
[Black "Данил Пила"]
[BlackElo "990"]
[WebSite "https://www.chessopen.ru"]
[GameId "31e49ea8-8c1d-46e3-bdd2-b5928ba5e473"]
[Result "1-0"]

1. e4 { [%clk 0:10:00] } e5 { [%clk 0:10:02] } 2. Nf3 { [%clk 0:10:02] } Nc6 {
[%clk 0:10:03] } 3. d4 { [%clk 0:10:01] } d6 { [%clk 0:09:58] } 4. dxe5 { [%clk
0:10:02] } Nxe5 { [%clk 0:09:59] } 5. Nxe5 { [%clk 0:10:03] } dxe5 { [%clk
0:10:00] } 6. Qxd8+ { [%clk 0:10:04] } Kxd8 { [%clk 0:10:01] } 7. Nc3 { [%clk
0:10:05] } Bb4 { [%clk 0:09:56] } 8. Bd2 { [%clk 0:10:05] } Bxc3 { [%clk
0:09:56] } 9. Bxc3 { [%clk 0:10:07] } f6 { [%clk 0:09:44] } 10. O-O-O+ { [%clk
0:10:07] } Bd7 { [%clk 0:09:44] } 11. Bc4 { [%clk 0:10:05] } Ne7 { [%clk
0:09:44] } 12. Be6 { [%clk 0:10:02] } a6 { [%clk 0:09:34] } 13. Bxd7 { [%clk
0:09:59] } Ng6 { [%clk 0:09:17] } 14. Bf5+ { [%clk 0:09:58] } Ke8 { [%clk
0:09:17] } 15. Bxg6+ { [%clk 0:09:59] } hxg6 { [%clk 0:09:18] } 16. h3 { [%clk
0:09:59] } f5 { [%clk 0:09:17] } 17. exf5 { [%clk 0:09:58] } gxf5 { [%clk
0:09:07] } 18. Bxe5 { [%clk 0:09:54] } Kf7 { [%clk 0:09:05] } 19. Rhe1 { [%clk
0:09:51] } Rae8 { [%clk 0:09:04] } 20. Bxc7 { [%clk 0:09:48] } Rxe1 { [%clk
0:09:04] } 21. Rxe1 { [%clk 0:09:49] } Rc8 { [%clk 0:09:03] } 22. Bg3 { [%clk
0:09:48] } Kg6 { [%clk 0:09:00] } 23. Re7 { [%clk 0:09:41] } Kf6 { [%clk
0:08:48] } 24. Rxb7 { [%clk 0:09:40] } Rc4 { [%clk 0:08:45] } 25. Rb6+ { [%clk
0:09:38] } Kg5 { [%clk 0:08:42] } 26. f4+ { [%clk 0:09:36] } Kh5 { [%clk
0:08:36] } 27. Rxa6 { [%clk 0:09:30] } Re4 { [%clk 0:08:27] } 28. Ra5 { [%clk
0:09:21] } g6 { [%clk 0:08:19] } 29. Ra8 { [%clk 0:09:13] } g5 { [%clk 0:08:12]
} 30. Rh8+ { [%clk 0:09:10] } Kg6 { [%clk 0:08:10] } 31. Rg8+ { [%clk 0:09:12]
} Kh5 { [%clk 0:08:11] } 32. Rxg5+ { [%clk 0:09:13] } Kh6 { [%clk 0:08:11] }
33. Rxf5 { [%clk 0:09:15] } Re2 { [%clk 0:08:10] } 34. Bh4 { [%clk 0:08:58] }
Rxg2 { [%clk 0:08:05] } 35. Rg5 { [%clk 0:08:53] } Re2 { [%clk 0:07:59] } 36.
Re5 { [%clk 0:08:48] } Rh2 { [%clk 0:07:57] } 37. Bg5+ { [%clk 0:08:48] } Kh5 {
[%clk 0:07:55] } 38. h4 { [%clk 0:08:41] } Rf2 { [%clk 0:07:49] } 39. f5 {
[%clk 0:08:33] } Rf1+ { [%clk 0:07:40] } 40. Kd2 { [%clk 0:08:33] } Rf2+ {
[%clk 0:07:41] } 41. Kc3 { [%clk 0:08:24] } Rf3+ { [%clk 0:07:41] } 42. Kd4 {
[%clk 0:08:22] } Rf2 { [%clk 0:07:36] } 43. Rc5 { [%clk 0:08:07] } Rd2+ { [%clk
0:07:35] } 44. Bxd2 { [%clk 0:08:06] } Kxh4 { [%clk 0:07:35] } 45. f6 { [%clk
0:08:06] } Kg3 { [%clk 0:07:36] } 46. f7 { [%clk 0:08:07] } Kf2 { [%clk
0:07:38] } 47. f8=Q+ { [%clk 0:08:08] } Ke2 { [%clk 0:07:40] } 48. Re5+ { [%clk
0:08:08] } Kxd2 { [%clk 0:07:41] } 49. Qb4+ { [%clk 0:08:10] } Kxc2 { [%clk
0:07:42] } 50. Re2+ { [%clk 0:08:12] } Kd1 { [%clk 0:07:40] } 51. Qd2# { [%clk
0:08:13] } 1-0

[Event "Королевский Гамбит. Южный Федеральный округ."]
[Date "2025-11-21"]
[Round "3.6"]
[Board "6"]
[White "Щеблыкина Мария"]
[WhiteElo "1000"]
[Black "Рыжков Вячеслав"]
[BlackElo "989"]
[WebSite "https://www.chessopen.ru"]
[GameId "b1869f7b-2b77-4996-bec0-eb43a92f3170"]
[Result "1-0"]

1. e4 { [%clk 0:09:46] } e6 { [%clk 0:09:58] } 2. Nf3 { [%clk 0:09:37] } Nc6 {
[%clk 0:09:52] } 3. Nc3 { [%clk 0:09:32] } Nf6 { [%clk 0:09:51] } 4. d4 { [%clk
0:09:30] } Bb4 { [%clk 0:09:45] } 5. Bd2 { [%clk 0:09:24] } Bxc3 { [%clk
0:09:23] } 6. e5 { [%clk 0:09:15] } Bxd2+ { [%clk 0:09:17] } 7. Qxd2 { [%clk
0:09:13] } Ne4 { [%clk 0:09:17] } 8. Qe3 { [%clk 0:09:02] } d5 { [%clk 0:09:19]
} 9. O-O-O { [%clk 0:08:58] } O-O { [%clk 0:09:06] } 10. Bd3 { [%clk 0:08:53] }
a5 { [%clk 0:08:57] } 11. Bxe4 { [%clk 0:08:52] } dxe4 { [%clk 0:08:55] } 12.
Qxe4 { [%clk 0:08:52] } f5 { [%clk 0:08:50] } 13. Qf4 { [%clk 0:08:49] } Ra6 {
[%clk 0:08:41] } 14. Ng5 { [%clk 0:08:47] } Qd5 { [%clk 0:08:29] } 15. Qh4 {
[%clk 0:08:40] } h6 { [%clk 0:08:20] } 16. Nf3 { [%clk 0:08:19] } Qxa2 { [%clk
0:08:18] } 17. Rhe1 { [%clk 0:08:05] } Rb6 { [%clk 0:08:19] } 18. b3 { [%clk
0:07:51] } Qa1+ { [%clk 0:08:18] } 19. Kd2 { [%clk 0:07:50] } Nb4 { [%clk
0:08:14] } 20. Rxa1 { [%clk 0:07:48] } Rc6 { [%clk 0:07:49] } 21. c3 { [%clk
0:07:25] } Nd5 { [%clk 0:07:35] } 22. c4 { [%clk 0:07:13] } Nb4 { [%clk
0:07:26] } 23. Rxa5 { [%clk 0:06:57] } b6 { [%clk 0:07:20] } 24. Ra8 { [%clk
0:06:53] } Bb7 { [%clk 0:07:18] } 25. Rxf8+ { [%clk 0:06:51] } Kxf8 { [%clk
0:07:01] } 26. Qd8+ { [%clk 0:06:45] } Kf7 { [%clk 0:06:54] } 27. d5 { [%clk
0:06:34] } exd5 { [%clk 0:06:30] } 28. cxd5 { [%clk 0:06:17] } Rc2+ { [%clk
0:06:15] } 29. Kd1 { [%clk 0:06:08] } Rb2 { [%clk 0:06:07] } 30. Qxc7+ { [%clk
0:05:50] } Kg6 { [%clk 0:06:03] } 31. Qxb6+ { [%clk 0:05:44] } Nc6 { [%clk
0:05:56] } 32. Qxb7 { [%clk 0:05:31] } f4 { [%clk 0:05:48] } 33. Qxc6+ { [%clk
0:05:29] } Kh7 { [%clk 0:05:46] } 34. e6 { [%clk 0:05:24] } Rxb3 { [%clk
0:05:49] } 35. d6 { [%clk 0:05:17] } Rb8 { [%clk 0:05:49] } 36. d7 { [%clk
0:05:16] } Rd8 { [%clk 0:05:49] } 37. e7 { [%clk 0:05:17] } Rb8 { [%clk
0:05:34] } 38. e8=Q { [%clk 0:05:16] } Rxe8 { [%clk 0:05:33] } 39. dxe8=Q {
[%clk 0:05:15] } h5 { [%clk 0:05:32] } 40. Qee4+ { [%clk 0:05:10] } g6 { [%clk
0:05:30] } 41. Qd7+ { [%clk 0:05:07] } Kh6 { [%clk 0:05:02] } 42. Qf7 { [%clk
0:04:45] } h4 { [%clk 0:04:49] } 43. Qexg6# { [%clk 0:04:41] } 1-0

[Event "Королевский Гамбит. Южный Федеральный округ."]
[Date "2025-11-21"]
[Round "3.7"]
[Board "7"]
[White "Асрян Владимир"]
[WhiteElo "990"]
[Black "Лысенко Мария"]
[BlackElo "1000"]
[WebSite "https://www.chessopen.ru"]
[GameId "8952cc3f-2f37-4afa-ad03-94e3408a551a"]
[Result "1-0"]

1. e4 { [%clk 0:09:58] } Nc6 { [%clk 0:09:59] } 2. Bc4 { [%clk 0:09:51] } Nf6 {
[%clk 0:09:57] } 3. Nf3 { [%clk 0:09:51] } g6 { [%clk 0:09:58] } 4. d3 { [%clk
0:09:52] } Bg7 { [%clk 0:09:55] } 5. Nc3 { [%clk 0:09:53] } O-O { [%clk
0:09:55] } 6. Bg5 { [%clk 0:09:52] } a6 { [%clk 0:09:46] } 7. Bxf6 { [%clk
0:09:40] } exf6 { [%clk 0:09:44] } 8. O-O { [%clk 0:09:33] } b5 { [%clk
0:09:43] } 9. Bd5 { [%clk 0:09:31] } Bb7 { [%clk 0:09:41] } 10. a4 { [%clk
0:09:03] } b4 { [%clk 0:09:40] } 11. Ne2 { [%clk 0:08:59] } f5 { [%clk 0:09:24]
} 12. exf5 { [%clk 0:08:55] } gxf5 { [%clk 0:09:24] } 13. Ng5 { [%clk 0:08:56]
} h6 { [%clk 0:09:14] } 14. Bxf7+ { [%clk 0:08:35] } Kh8 { [%clk 0:09:01] } 15.
Ne6 { [%clk 0:08:16] } Qc8 { [%clk 0:08:56] } 16. Nxf8 { [%clk 0:08:05] } Bxf8
{ [%clk 0:08:48] } 17. Bd5 { [%clk 0:07:58] } h5 { [%clk 0:08:28] } 18. Nf4 {
[%clk 0:07:54] } Bd6 { [%clk 0:08:24] } 19. Qxh5+ { [%clk 0:07:52] } Kg7 {
[%clk 0:08:16] } 20. Qg6+ { [%clk 0:07:49] } Kf8 { [%clk 0:08:12] } 21. Qf7# {
[%clk 0:07:48] } 1-0

[Event "Королевский Гамбит. Южный Федеральный округ."]
[Date "2025-11-21"]
[Round "3.7"]
[Board "7"]
[White "Дмитрий Алдохин"]
[WhiteElo "991"]
[Black "Дмитриенко Иван"]
[BlackElo "999"]
[WebSite "https://www.chessopen.ru"]
[GameId "e0a1873e-fce8-4b4a-bfac-e10b4f8c6cf1"]
[Result "0-1"]

1. e4 { [%clk 0:09:59] } b6 { [%clk 0:09:58] } 2. Nf3 { [%clk 0:09:58] } Bb7 {
[%clk 0:09:58] } 3. Nc3 { [%clk 0:09:58] } Nf6 { [%clk 0:09:56] } 4. b4 { [%clk
0:09:56] } Nxe4 { [%clk 0:09:56] } 5. Bc4 { [%clk 0:09:47] } Nxc3 { [%clk
0:09:56] } 6. dxc3 { [%clk 0:09:40] } e6 { [%clk 0:09:51] } 7. O-O { [%clk
0:09:37] } d5 { [%clk 0:09:47] } 8. h3 { [%clk 0:09:36] } dxc4 { [%clk 0:09:45]
} 9. Ne5 { [%clk 0:09:18] } Qxd1 { [%clk 0:09:29] } 10. Rxd1 { [%clk 0:09:15] }
Bd6 { [%clk 0:09:22] } 11. Nxc4 { [%clk 0:08:56] } O-O { [%clk 0:09:14] } 12.
Rd4 { [%clk 0:08:46] } Bd5 { [%clk 0:09:07] } 13. Ne3 { [%clk 0:08:34] } c5 {
[%clk 0:08:43] } 14. Rg4 { [%clk 0:08:31] } cxb4 { [%clk 0:08:39] } 15. Nxd5 {
[%clk 0:08:27] } exd5 { [%clk 0:08:37] } 16. Bh6 { [%clk 0:08:26] } Be5 { [%clk
0:08:28] } 17. Re1 { [%clk 0:08:18] } Bf6 { [%clk 0:08:28] } 18. Re3 { [%clk
0:08:11] } Rd8 { [%clk 0:08:20] } 19. Rf3 { [%clk 0:08:11] } Bxc3 { [%clk
0:08:15] } 20. Rxg7+ { [%clk 0:08:05] } Bxg7 { [%clk 0:08:15] } 21. Bg5 { [%clk
0:07:43] } Re8 { [%clk 0:08:08] } 22. Rg3 { [%clk 0:07:30] } Re6 { [%clk
0:07:51] } 23. a3 { [%clk 0:07:24] } bxa3 { [%clk 0:07:42] } 24. c3 { [%clk
0:07:22] } a2 { [%clk 0:07:42] } 25. Rd3 { [%clk 0:06:53] } a1=Q+ { [%clk
0:07:37] } 26. Bc1 { [%clk 0:06:48] } Qxc1+ { [%clk 0:07:37] } 27. Rd1 { [%clk
0:06:47] } Qxd1+ { [%clk 0:07:36] } 28. Kh2 { [%clk 0:06:46] } Be5+ { [%clk
0:07:35] } 29. g3 { [%clk 0:06:35] } Qe2 { [%clk 0:07:26] } 30. Kg2 { [%clk
0:06:28] } Rf6 { [%clk 0:07:26] } 31. c4 { [%clk 0:06:27] } Qxf2+ { [%clk
0:07:25] } 32. Kh1 { [%clk 0:06:17] } Qf1+ { [%clk 0:07:22] } 33. Kh2 { [%clk
0:06:20] } Rf2# { [%clk 0:07:23] } 0-1